Movies By Absurd Death - Statistics

General Stats
  • This quiz has been taken 2,938 times
  • The average score is 4 of 14
Answer Stats
Absurd Death Film % Correct
Melted by bucket of water Wizard of Oz
83%
Heartbroken because her boyfriend killed younglings Revenge of the Sith
55%
Rides atomic bomb all the way to ground zero Dr. Strangelove
50%
Incinerated in freak gasoline fight accident Zoolander
45%
Crushed by singing wardrobe Beauty & the Beast
42%
Convinced by plants to kill themselves The Happening
25%
Exploded by kamikaze crop duster pilot Independence Day
17%
Ingests compressed air pellet, explodes like a balloon Live and Let Die
14%
So angry he inflates and explodes Big Trouble in Little China
12%
Consumed by mer-man Cabin in the Woods
12%
Knocked off feet, falls through chain-link fence Final Destination
11%
Juggled by multiple cars after loitering in street Meet Joe Black
7%
Hit in stomach with soccer ball kicked by child My Name is Khan
5%
Punched in crotch by Jackie Chan Snake in the Eagle's Shadow
1%
No matching quizzes found
Score Distribution
Percent of People with Each Score
Percentile by Number Answered
Your Score History
You have not taken this quiz